Drapeaux Mixtes - Statistiques

Statistiques générales
  • Ce quiz a été pris 58 fois
  • Le résultat moyen est 11 sur 16
Réponses sur la Carte
Les réponses sont colorées sur une échelle allant du rouge au vert en fonction du pourcentage des utilisateurs qui les ont devinées à leur premier essai. Vous pouvez retrouver ces pourcentages ci-dessous.
 
Statistiques - réponses
Pays % Correct
Corée du Sud
96%
Sri Lanka
96%
Royaume-Uni
95%
Biélorussie
91%
Serbie
88%
Équateur
86%
Zambie
82%
Seychelles
77%
eSwatini
66%
Kiribati
66%
Antigua et Barbuda
63%
Oman
52%
Vanuatu
46%
Îles Marshall
43%
Tuvalu
43%
Grenade
23%
Aucun quiz correspondant
Distribution des résultats
% des personnes avec chaque résultat
Percentile par nombre de réponses
Votre historique - résultats
Vous n’avez pas pris ce quiz